Robin van Persie quiz - Statistics

General Stats
  • This quiz has been taken 8 times
  • The average score is 8 of 20
Answer Stats
Hint Answer % Correct
Which club did Van Persie start his professional career with Feyenoord
100%
What year did Van Persie make his senior debut for Feyenoord 2001
88%
What year did Van Persie join Arsenal 2004
88%
In which city was Van Persie born Rotterdam
88%
In his debut season at United, how many Premier League goals did Van Persie score 26
75%
How many Premier League goals did Van Persie score in the 2011–12 season 30
63%
Who did Van Persie replace when he made his Arsenal debut Dennis Bergkamp
50%
Who did Van Persie overtake to become the Netherlands' all-time leading goal scorer Patrick Kluivert
38%
How many total goals did Van Persie score for Arsenal in all competitions 132
25%
How many total goals did Van Persie score for Manchester United 58
25%
Which global brand did Van Persie endorse, appearing in multiple adverts Adidas
25%
In his final professional match, Van Persie played against which club ADO Den Haag
25%
Van Persie won Arsenal’s Goal of the Season award in 2011–12 for a volley against Everton
25%
Who was Van Persie's coach when he returned to Feyenoord in 2018 Giovanni van Bronckhorst
25%
Which national team did Van Persie make his debut against Romania
25%
What is Van Persie’s nickname that fans often use RVP
25%
Which club did Van Persie score his only Champions League hat-trick against Anderlecht
13%
Against which country did Van Persie score his first ever World Cup goal Cameroon
13%
Van Persie scored his 50th international goal against which country Kazakhstan
13%
Which club did Van Persie score his first Arsenal goal against Manchester City
13%
No matching quizzes found
Score Distribution
Percent of People with Each Score
Percentile by Number Answered
Your Score History
You have not taken this quiz